ABC of breast diseases

Bibliographic Details
Main Author: Dixon, J. M. (Author)
Format: Book
Language:English
Published: Chichester, West Sussex : Wiley-Blackwell/BMJ Books , 2012
Edition:4th ed
Series:ABC series
Subjects:

MARC

LEADER 00000cam a2200000 7i4500
001 0000084521
005 20220607093000.0
008 130624s2012 enk eng
020 |a 9781444337969 
050 0 0 |a RG491   |b .A23 2012 
060 1 0 |a WP 840   |b B828 2012 
090 0 0 |a RG491   |b .A23 2012 
245 0 0 |a ABC of breast diseases   |c edited by J. Michael Dixon 
246 1 0 |a Breast diseases 
250 |a 4th ed 
260 |a Chichester, West Sussex :   |b Wiley-Blackwell/BMJ Books ,   |c 2012 
300 |a ix, 155 p. :   |b ill., ports ;   |c 27 cm. 
490 1 |a ABC series 
504 |a Includes bibliographical references and index 
650 1 2 |a Breast   |x Diseases 
650 2 2 |a Breast Neoplasms 
700 1 |a Dixon, J. M. ,   |e author 
999 |a 1000160727   |b Book   |c OPEN SHELF (30 DAYS)   |e Gong Badak Campus